Statistics for Top 10 FC Barcelona Goalscorers

Click here to take the quiz!

General Stats

  • This quiz has been taken 2,092 times
  • The average score is 1 of 10

Answer Stats

PlacePlayer# Goals% Correct
5Lionel Messi239
100%
4Ladislao Kubala274
12%
3César Rodríguez294
5%
1Paulino Alcántara357
2%
2Josep Samitier326
1%
6Josep Escolà223
1%
7Ángel Arocha214
1%
9Carles Rexach195
1%
10Mariano Martín188
1%
8Vicenç Martínez200
0%

Score Distribution

Percentile by Number Answered

Percent of People with Each Score

Your Score History

You have not taken this quiz